| 000 | 00539nam a2200181Ia 4500 | ||
|---|---|---|---|
| 999 |
_c21508 _d21508 |
||
| 003 | OSt | ||
| 005 | 20200625094148.0 | ||
| 008 | 190216s9999||||xx |||||||||||||| ||und|| | ||
| 020 | _a9780198063322 | ||
| 040 | _coclc | ||
| 082 |
_a954.035092 _bHAS/B |
||
| 100 |
_aHasan, Mushirul _92560 |
||
| 245 | 0 |
_aBetween Modernity And Nationalism / _cMushirul Hasan |
|
| 260 |
_bOxford University Press, _c2010. _aNew Delhi: |
||
| 300 | _a267p | ||
| 650 | _aHistory | ||
| 942 |
_cBK _2ddc _h954.035092 _iHAS/B _k954.035092 _mHAS/B |
||